50 States, 50 Natural Landmarks - Picture Quiz - Statistics

General Stats
  • This quiz has been taken 2,091 times
  • The average score is 16 of 50
Answer Stats
Picture Answer % Correct
New York (Niagara Falls)
89%
Utah (Delicate Arch)
88%
Hawaii (Kīlauea Volcano)
84%
Arizona (Grand Canyon)
73%
Florida (Everglades)
68%
Alaska (Denali)
66%
California (Half Dome)
64%
Oregon (Crater Lake)
63%
Wyoming (Grand Prismatic Spring)
61%
Washington (Mount Rainier)
58%
Kentucky (Mammoth Cave)
57%
Maine (Acadia NP)
53%
Louisiana (Honey Island Swamp)
51%
New Mexico (White Sands)
50%
Montana (Saint Mary Lake)
46%
Nebraska (Chimney Rock)
45%
South Dakota (Badlands NP)
40%
Colorado (Garden of the Gods)
37%
New Hampshire (Old Man of the Mountain)
37%
Michigan (Miner's Castle)
25%
Nevada (Great Basin)
22%
Ohio (Hocking Hills State Park)
21%
Maryland (Assateague Island)
19%
Arkansas (Hot Springs NP)
18%
Idaho (Craters of the Moon)
18%
South Carolina (Congaree NP)
18%
North Carolina (Chimney Rock)
17%
Rhode Island (Mohegan Bluffs)
17%
Indiana (Indiana Dunes NP)
16%
Texas (Big Bend NP)
16%
Vermont (Green Mountains)
16%
Virginia (Shenandoah National Park)
16%
Wisconsin (Apostle Islands National Lakeshore)
16%
Kansas (Monument Rocks)
15%
Massachusetts (Walden Pond)
13%
Minnesota (Voyageurs NP)
13%
North Dakota (Theodore Roosevelt NP)
13%
Tennessee (Ruby Falls)
13%
Mississippi (Gulf Islands National Seashore)
11%
Alabama (Cathedral Caverns)
10%
Georgia (Tallulah Gorge)
10%
Illinois (Illinois Beach State Park)
10%
Iowa (Maquoketa Caves)
10%
West Virginia (Seneca Rocks)
10%
Delaware (Trap Pond State Park)
9%
New Jersey (Great Falls)
9%
Oklahoma (Great Salt Plains)
9%
Pennsylvania (Silver Thread Falls)
9%
Connecticut (Kent Falls)
8%
Missouri (Devil's Honeycomb)
7%
No matching quizzes found
Score Distribution
Percent of People with Each Score
Percentile by Number Answered
Your Score History
You have not taken this quiz